[Event "PAR-ch sf"]
[Site "Asuncion"]
[Date "2020.03.06"]
[Round "1"]
[White "Gonzalez Gauto, Victor"]
[Black "Riline Orso, Alejandro"]
[Result "0-1"]
[WhiteElo "1446"]
[BlackElo "2153"]
[PlyCount "84"]
[EventDate "2020.03.06"]
[EventType "swiss"]
[EventRounds "7"]
[EventCountry "PAR"]
[SourceTitle "CBM 195 Extra"]
[Source "ChessBase"]
[SourceDate "2020.05.31"]
[SourceVersion "1"]
[SourceVersionDate "2020.05.31"]
[SourceQuality "1"]

1. d4 Nf6 2. c4 e6 3. Nf3 Bb4+ 4. Nc3 b6 5. g3 Bb7 6. Bg2 0-0 7. 0-0 Bxc3 8. bxc3 d6 9. Bg5 h6 10. Bf4 Nbd7 11. Bc1 c5 12. Ba3 Qc7 13. Rb1 Ne4 14. Qd3 f5 15. d5 exd5 16. cxd5 c4 17. Qc2 Bxd5 18. Nd2 Rae8 19. Nxe4 Bxe4 20. Bxe4 Rxe4 21. Rbd1 Nc5 22. Qd2 Rf6 23. Qd5+ Kh7 24. Rfe1 Qe7 25. Bxc5 dxc5 26. e3 b5 27. Qd7 b4 28. Qxe7 Rxe7 29. cxb4 cxb4 30. Rd4 Rc6 31. Rc1 Rec7 32. Rd5 Rc5 33. Rxc5 Rxc5 34. Kf1 Kg6 35. Ke2 a5 36. f3 Kf6 37. e4 fxe4 38. fxe4 a4 39. Rf1+ Ke6 40. Ke3 c3 41. Kd4 Rc8 42. Rb1 c2 0-1

[Event "Asuncion Viejos Tiempos Cup"]
[Site "Asuncion"]
[Date "2019.01.22"]
[Round "5"]
[White "Oviedo Acosta, Paula"]
[Black "Gonzalez Gauto, Victor"]
[Result "1-0"]
[WhiteElo "1484"]
[BlackElo "1469"]
[PlyCount "127"]
[EventDate "2019.01.15"]
[EventType "swiss"]
[EventRounds "7"]
[EventCountry "PAR"]
[SourceTitle "CBM 188 Extra"]
[Source "ChessBase"]
[SourceDate "2019.02.26"]
[SourceVersion "1"]
[SourceVersionDate "2019.02.26"]
[SourceQuality "1"]

1. e4 e5 2. Nf3 Nc6 3. Bc4 Nf6 4. d3 h6 5. c3 Be7 6. Bb3 0-0 7. Nbd2 d6 8. h3 Na5 9. Bc2 c5 10. 0-0 Nc6 11. Re1 b5 12. Nf1 b4 13. Rb1 bxc3 14. bxc3 Rb8 15. Be3 Ba6 16. Qd2 Nh7 17. Ng3 Bc8 18. Ba4 Rxb1 19. Rxb1 Bd7 20. Bxc6 Bxc6 21. d4 cxd4 22. cxd4 exd4 23. Nxd4 Bd7 24. Ndf5 Bxf5 25. Nxf5 Ng5 26. f3 Qd7 27. Qd4 Bf6 28. Qxa7 Qxa7 29. Bxa7 Ra8 30. Rb8+ Rxb8 31. Bxb8 Be5 32. Kf2 Ne6 33. Bxd6 Bxd6 34. Nxd6 Kf8 35. Ke3 Ke7 36. Nf5+ Kd7 37. Nd4 Nc5 38. Kd2 g6 39. Kc3 Kd6 40. Nb3 Na6 41. Kd4 Nb4 42. e5+ Kc6 43. a4 Nc2+ 44. Ke4 Nb4 45. Na5+ Kd7 46. Nb7 Na6 47. Kd4 Nb4 48. Nc5+ Kc7 49. Kc4 Nc6 50. e6 Kd6 51. exf7 Ne5+ 52. Kb5 Nxf7 53. Kb6 Ne5 54. Ne4+ Kd5 55. Kb7 Nc4 56. Ka6 h5 57. Kb5 Kd4 58. a5 Nxa5 59. Kxa5 Ke3 60. Kb5 Ke2 61. Kc5 Kf1 62. g4 Kg2 63. gxh5 gxh5 64. f4 1-0

[Event "Asuncion Viejos Tiempos Cup"]
[Site "Asuncion"]
[Date "2019.01.17"]
[Round "3"]
[White "Montiel Caceres, Helen"]
[Black "Gonzalez Gauto, Victor"]
[Result "1-0"]
[WhiteElo "1347"]
[BlackElo "1469"]
[PlyCount "112"]
[EventDate "2019.01.15"]
[EventType "swiss"]
[EventRounds "7"]
[EventCountry "PAR"]
[SourceTitle "CBM 188 Extra"]
[Source "ChessBase"]
[SourceDate "2019.02.26"]
[SourceVersion "1"]
[SourceVersionDate "2019.02.26"]
[SourceQuality "1"]

1. d4 Nf6 2. Nf3 g6 3. Bf4 Bg7 4. e3 0-0 5. c4 d6 6. Nc3 Nbd7 7. Be2 Nh5 8. Bg5 f6 9. Bh4 Bh6 10. d5 Ng7 11. Nd4 Re8 12. Bg4 Nf8 13. 0-0 Bd7 14. b4 Qc8 15. Bf3 Nf5 16. Bg3 Nxg3 17. hxg3 Bg7 18. Qb3 Kh8 19. c5 Rd8 20. Rfc1 e6 21. cxd6 c6 22. Na4 exd5 23. Bxd5 Qb8 24. Be6 Qxd6 25. Bxd7 Qxd7 26. Nc5 Qe7 27. Nde6 Nxe6 28. Nxe6 Rd7 29. Nxg7 Kxg7 30. Rd1 Rad8 31. a3 Kf8 32. Kf1 Rd5 33. Rxd5 Rxd5 34. Rd1 Qd7 35. Rxd5 Qxd5 36. Qxd5 cxd5 37. Ke2 Ke7 38. Kd3 b5 39. Kd4 Kd6 40. f3 h5 41. e4 dxe4 42. Kxe4 f5+ 43. Kf4 Kd5 44. Kg5 Kc4 45. Kxg6 Kb3 46. Kxh5 Kxa3 47. g4 fxg4 48. fxg4 Kxb4 49. g5 Kc3 50. g6 b4 51. g7 b3 52. g8Q b2 53. Qa2 Kc2 54. Qxa7 b1Q 55. Qh7+ Kb2 56. Qxb1+ Kxb1 1-0

[Event "Asuncion Viejos Tiempos Cup"]
[Site "Asuncion"]
[Date "2019.01.16"]
[Round "2"]
[White "Gonzalez Gauto, Victor"]
[Black "Bareiro Molinas, Pedro Alcides"]
[Result "1-0"]
[WhiteElo "1469"]
[BlackElo "1221"]
[PlyCount "55"]
[EventDate "2019.01.15"]
[EventType "swiss"]
[EventRounds "7"]
[EventCountry "PAR"]
[SourceTitle "CBM 188 Extra"]
[Source "ChessBase"]
[SourceDate "2019.02.26"]
[SourceVersion "1"]
[SourceVersionDate "2019.02.26"]
[SourceQuality "1"]

1. d4 f5 2. c4 b6 3. Nc3 Nf6 4. Nf3 Bb7 5. e3 e6 6. a3 Nc6 7. b4 Ne7 8. Be2 Ng6 9. 0-0 Bd6 10. c5 bxc5 11. bxc5 Bxf3 12. Bxf3 Bxh2+ 13. Kxh2 Ng4+ 14. Bxg4 Qh4+ 15. Bh3 0-0 16. Bd2 Qf6 17. g3 e5 18. dxe5 Qxe5 19. Ne2 Rf6 20. Bc3 Qe6 21. Bxf6 gxf6 22. Bg2 c6 23. Rb1 a5 24. Rb7 Rd8 25. Nd4 Qf7 26. Nxc6 Ne5 27. Bd5 Ng4+ 28. Kg1 1-0

[Event "PAR-ch sf"]
[Site "Asuncion"]
[Date "2017.08.14"]
[Round "5"]
[White "Gonzalez Gauto, Victor"]
[Black "De la Vega, Ricardo"]
[Result "0-1"]
[WhiteElo "1512"]
[BlackElo "1449"]
[PlyCount "56"]
[EventDate "2017.08.11"]
[EventType "swiss"]
[EventRounds "9"]
[EventCountry "PAR"]
[SourceTitle "CBM 180 Extra"]
[Source "ChessBase"]
[SourceDate "2017.10.06"]
[SourceVersion "1"]
[SourceVersionDate "2017.10.06"]
[SourceQuality "1"]

1. d4 Nf6 2. Nf3 g6 3. g3 Bg7 4. Bg2 0-0 5. 0-0 d6 6. c4 Nbd7 7. Nc3 Re8 8. e4 c5 9. e5 dxe5 10. dxe5 Ng4 11. e6 fxe6 12. Ng5 Ndf6 13. Qe2 Qb6 14. Bh3 e5 15. f3 Nh6 16. Bxc8 Raxc8 17. Qxe5 Nf7 18. Nxf7 Kxf7 19. Re1 Rcd8 20. Nb5 Nd5 21. Qe4 a6 22. cxd5 axb5 23. Rd1 Qf6 24. Bf4 e5 25. dxe6+ Qxe6 26. Qxb7+ Re7 27. Qxb5 Bd4+ 28. Kf1 Qh3# 0-1

[Event "Foz do Iguacu op 7th"]
[Site "Foz do Iguacu"]
[Date "2017.06.18"]
[Round "5"]
[White "Gonzalez Gauto, Victor"]
[Black "Farhat, Ali Abdallah"]
[Result "1/2-1/2"]
[WhiteElo "1478"]
[BlackElo "1789"]
[PlyCount "68"]
[EventDate "2017.06.16"]
[EventType "swiss"]
[EventRounds "6"]
[EventCountry "BRA"]
[SourceTitle "EXT 2018"]
[Source "ChessBase"]
[SourceDate "2017.10.13"]
[SourceVersion "1"]
[SourceVersionDate "2017.10.13"]
[SourceQuality "1"]

1. d4 d5 2. c4 e6 3. Nf3 Nf6 4. Bg5 Be7 5. Nc3 Nbd7 6. Qc2 0-0 7. e3 c6 8. cxd5 exd5 9. Bd3 h6 10. Bh4 Re8 11. 0-0 Bd6 12. e4 dxe4 13. Nxe4 Be7 14. Rad1 Nd5 15. Bg3 Nb4 16. Qb3 Nxd3 17. Rxd3 Nf6 18. Nxf6+ Bxf6 19. Be5 b6 20. Bxf6 Qxf6 21. Ne5 Be6 22. Qc3 Bd5 23. Rg3 c5 24. Ng4 Qc6 25. dxc5 Kh7 26. Ne3 g6 27. Nxd5 Qxd5 28. cxb6 axb6 29. a3 Re2 30. Rf3 Rae8 31. Qb3 Qxb3 32. Rxb3 R8e6 33. g3 Kg8 34. f4 Rc6 1/2-1/2

[Event "Misiones Posadas op"]
[Site "Misiones"]
[Date "2015.10.11"]
[Round "4"]
[White "Gonzalez Gauto, Victor"]
[Black "Carlino, Esteban Ezequiel"]
[Result "0-1"]
[WhiteElo "1489"]
[BlackElo "1943"]
[PlyCount "74"]
[EventDate "2015.10.10"]
[EventType "swiss"]
[EventRounds "6"]
[EventCountry "ARG"]
[SourceTitle "CBM 168 Extra"]
[Source "ChessBase"]
[SourceDate "2015.10.29"]
[SourceVersion "1"]
[SourceVersionDate "2015.10.29"]
[SourceQuality "1"]

1. Nf3 c5 2. c4 Nf6 3. Nc3 g6 4. d4 cxd4 5. Nxd4 Nc6 6. e4 d6 7. Be2 Bg7 8. Be3 0-0 9. 0-0 Bd7 10. h3 Rc8 11. Rc1 a6 12. f4 Re8 13. Nf3 Qa5 14. Qe1 h6 15. Nh2 Nh7 16. Qh4 Nd4 17. Qf2 Nxe2+ 18. Qxe2 Bxc3 19. Rxc3 f5 20. exf5 Qxf5 21. Ng4 Qh5 22. f5 g5 23. Qf3 Bc6 24. Qd1 Rf8 25. Qd4 Nf6 26. Nxf6+ Rxf6 27. c5 Qe2 28. Rf2 Qe1+ 29. Kh2 Rcf8 30. Rc1 Qa5 31. h4 dxc5 32. Qg4 Qb4 33. Rc4 Qe1 34. Bxc5 Qe5+ 35. Kh3 Rxf5 36. Rxf5 Rxf5 37. Rc2 Bd7 0-1